| 000 | 01268ny a22003013n 4500 | ||
|---|---|---|---|
| 005 | 20240305165323.0 | ||
| 008 | 000727s1999 sp s 000 0 spa c | ||
| 017 | _aB39485-1999 | ||
| 020 | _a8493052442 | ||
| 035 | _a517 | ||
| 040 |
_aUMA.DER _dvLex |
||
| 040 |
_aUMA.RE _dvLex |
||
| 080 | _a347.235(460) | ||
| 090 |
_c945 _d945 |
||
| 100 | 1 | _aManzano Solano, Antonio | |
| 245 | 1 | 3 |
_aLa demanda de inscripción en el registro de la propiedad _h[Recurso electrónico] _b(principios - rogación - presentación) / _cAntonio Manzano Solano |
| 256 | _aServicio en línea | ||
| 260 |
_aBarcelona : _bAtelier, _cD.L.1999 |
||
| 300 |
_a179 p. ; _c22 cm |
||
| 504 | _aBibliografía: p. [173]-179 | ||
| 506 | 1 |
_aContenido solo disponible en los productos indicados _dvLex Global _dvLex Global (Academic Edition, excluding Law Schools) _dvLex Global (U.S. Academic Edition, Law Schools) _dvLex Global (U.S. Academic Edition, excluding Law Schools) _dvLex Global (Academic Edition, Law Schools) |
|
| 650 | 0 | 7 |
_aRegistro de la propiedad _2Tesauro vLex |
| 650 | 0 | 7 |
_aInscripción registral _2Tesauro vLex |
| 650 | 0 | 7 |
_aRegistro de la propiedad _2Tesauro vLex |
| 740 | 0 | _avLex Libros (Servicios en línea) | |
| 856 | 4 | 0 | _uhttps://app.vlex.com/#/sources/517 |
| 942 | _cRAA | ||
| 999 |
_c159452 _d159452 |
||